[Event "76th Tata Steel Masters"]
[Site "Wijk aan Zee NED"]
[Date "2014.01.19"]
[Round "7.2"]
[White "Nakamura,Hi"]
[Black "Van Wely,L"]
[Result "0-1"]
[WhiteTitle "GM"]
[BlackTitle "GM"]
[WhiteElo "2789"]
[BlackElo "2672"]
[WhiteFideId "2016192"]
[BlackFideId "1000268"]
[EventDate "2014.01.11"]

1. e4 c5 2. Nf3 e6 3. d4 cxd4 4. Nxd4 Nc6 5. Nc3 d6 6. g4 Nge7 7. Nb3 a6 8. h4
b5 9. Bg2 Bb7 10. g5 Rc8 11. Qe2 h5 12. a4 b4 13. Na2 g6 14. Bf4 Bg7 15. Rd1 Ne5
16. Nxb4 Nc4 17. Nd3 Qb6 18. O-O O-O 19. Nd2 Rfd8 20. Nxc4 Rxc4 21. Ne5 dxe5 22.
Be3 Rcd4 23. c3 Bc6 24. b3 Qxb3 25. cxd4 exd4 26. Bf4 Qxa4 27. Qf3 Bb5 28. Ra1
Qb4 29. Rfd1 d3 30. Rab1 Qa3 31. Bf1 Nc6 32. Qg3 Qa2 33. Rbc1 d2 34. Rxd2 Rxd2
35. Bxb5 axb5 36. Bxd2 Nd4 37. Rc8+ Kh7 38. Qc7 Qb1+ 39. Bc1 Nf3+ 40. Kg2 Nxh4+
41. Kh3 Qxe4 42. Qf4 Qh1+ 43. Qh2 Qb7 44. Rd8 Be5 45. f4 Qf3+ 46. Qg3 Qh1+ 47.
Qh2 Qf3+ 48. Qg3 Qh1+ 49. Qh2 Qxc1 50. fxe5 Qxg5 51. Qf4 Qxd8 52. Qxf7+ Kh6 0-1

[Event "76th Tata Steel Masters"]
[Site "Wijk aan Zee NED"]
[Date "2014.01.19"]
[Round "7.3"]
[White "Caruana,F"]
[Black "Giri,A"]
[Result "1/2-1/2"]
[WhiteTitle "GM"]
[BlackTitle "GM"]
[WhiteElo "2782"]
[BlackElo "2734"]
[WhiteFideId "2020009"]
[BlackFideId "24116068"]
[EventDate "2014.01.11"]

1. e4 e5 2. Bc4 Nf6 3. Nc3 Nxe4 4. Qh5 Nd6 5. Bb3 Be7 6. Qxe5 O-O 7. d4 Nc6 8.
Qf4 Na5 9. Bd5 Ne8 10. Bf3 Nc6 11. Nd5 Bd6 12. Qd2 b6 13. Ne2 Nf6 14. Ne3 Re8
15. O-O Bf8 16. c4 g6 17. b3 Bg7 18. Bb2 Bb7 19. Rae1 d6 20. Nc3 Qd7 21. Ned5
Rxe1 22. Rxe1 Re8 23. Nxf6+ Bxf6 24. Rxe8+ Qxe8 25. Nd5 Bd8 26. g3 Na5 27. h4
Bxd5 28. Bxd5 Nc6 29. h5 Ne7 30. Bf3 Nf5 31. d5 Qf8 32. Bg4 Qh6 33. Qe1 Ng7 34.
Qc3 Kf8 35. hxg6 hxg6 36. b4 Ne8 37. Bc1 Bg5 38. f4 Bf6 39. Qd3 Qh8 40. Kg2 Bc3
41. a3 a5 42. Bd7 axb4 43. axb4 Bb2 1/2-1/2

[Event "76th Tata Steel Masters"]
[Site "Wijk aan Zee NED"]
[Date "2014.01.21"]
[Round "8.3"]
[White "Karjakin,Sergey"]
[Black "Gelfand,B"]
[Result "1-0"]
[WhiteTitle "GM"]
[BlackTitle "GM"]
[WhiteElo "2759"]
[BlackElo "2777"]
[WhiteFideId "14109603"]
[BlackFideId "2805677"]
[EventDate "2014.01.11"]

1. e4 c5 2. Nf3 d6 3. d4 cxd4 4. Nxd4 Nf6 5. Nc3 a6 6. h3 e5 7. Nde2 h5 8. g3 b5
9. Bg5 Nbd7 10. Nd5 Bb7 11. Nec3 Rc8 12. Bg2 Be7 13. Nxe7 Qxe7 14. h4 Nb6 15.
Qd3 Qc7 16. Bh3 Rb8 17. Bxf6 gxf6 18. O-O-O b4 19. Nd5 Nxd5 20. exd5 Bc8 21. f4
Bxh3 22. Rxh3 Kf8 23. fxe5 fxe5 24. Rh2 Kg7 25. Rf2 Rh6 26. Qxa6 b3 27. axb3
Rxb3 28. Qc6 Qa7 29. Rxf7+ Qxf7 30. cxb3 Rg6 31. b4 Qf3 32. Qc3 Qf2 33. Rd3 Rf6
34. Kb1 Qg1+ 35. Ka2 Qa7+ 36. Kb3 Rf1 37. Rf3 Ra1 38. Qe3 Qxe3+ 39. Rxe3 Kg6 40.
b5 Ra8 41. Kb4 Rb8 42. Rf3 e4 43. Rf1 e3 44. Kc4 Rc8+ 45. Kd3 Rc5 46. b4 Rxd5+
47. Kxe3 Rxb5 48. Rf4 d5 49. Kd3 Rb7 50. Kc2 Rb8 51. Kc3 Rb7 52. Rf8 Rc7+ 53.
Kb3 Rd7 54. b5 d4 55. Kc2 d3+ 56. Kd2 Rd5 57. Rg8+ Kh6 58. Rg5 Rd4 59. Rc5 Kg6
60. b6 1-0

[Event "76th Tata Steel Masters"]
[Site "Wijk aan Zee NED"]
[Date "2014.01.21"]
[Round "8.6"]
[White "Harikrishna,P"]
[Black "Nakamura,Hi"]
[Result "1-0"]
[WhiteTitle "GM"]
[BlackTitle "GM"]
[WhiteElo "2706"]
[BlackElo "2789"]
[WhiteFideId "5007003"]
[BlackFideId "2016192"]
[EventDate "2014.01.11"]

1. e4 c5 2. Nf3 d6 3. Bb5+ Nd7 4. O-O a6 5. Bd3 Ngf6 6. c3 b5 7. Bc2 Bb7 8. Re1
e5 9. d4 Be7 10. Nbd2 O-O 11. Nf1 Re8 12. Ng3 Bf8 13. d5 g6 14. b3 Nb6 15. Rb1
c4 16. bxc4 Nxc4 17. a4 Qc7 18. axb5 axb5 19. Rxb5 Na3 20. Rb3 Nxc2 21. Qxc2 Nd7
22. Be3 Ba6 23. Ra3 Bb5 24. Rea1 Rxa3 25. Rxa3 Rb8 26. Ra7 Qc8 27. h3 Nb6 28.
Qc1 Nc4 29. Bh6 Qc5 30. Nh5 Bg7 31. Bxg7 Qxa7 32. Qh6 f5 33. Ng5 1-0

[Event "76th Tata Steel Masters"]
[Site "Wijk aan Zee NED"]
[Date "2014.01.21"]
[Round "8.4"]
[White "Giri,A"]
[Black "Aronian,L"]
[Result "1/2-1/2"]
[WhiteTitle "GM"]
[BlackTitle "GM"]
[WhiteElo "2734"]
[BlackElo "2812"]
[WhiteFideId "24116068"]
[BlackFideId "13300474"]
[EventDate "2014.01.11"]

1. d4 Nf6 2. c4 e6 3. Nf3 d5 4. g3 Be7 5. Bg2 O-O 6. O-O dxc4 7. Qc2 a6 8. a4
Bd7 9. Qxc4 Bc6 10. Bf4 Bd6 11. Bg5 Nbd7 12. Nc3 h6 13. Bxf6 Nxf6 14. a5 Qe7 15.
Nd2 Bd5 16. Bxd5 exd5 17. Nxd5 Nxd5 18. Qxd5 Qxe2 19. Ne4 Rab8 20. Rfe1 Qxb2 21.
Rab1 Qc2 22. Rec1 Qe2 23. Re1 Qc2 24. Nxd6 cxd6 25. Rb6 Rbe8 26. Rf1 Qe4 27.
Qxb7 Qxb7 28. Rxb7 Re4 29. Rd1 Rc8 30. Rb6 Rc2 31. Rd3 g5 32. h3 h5 33. Rf3 g4
34. hxg4 hxg4 35. Rf4 Rxf4 36. gxf4 Ra2 37. Rxa6 Kg7 38. Kg2 Kg6 39. Rxd6+ Kf5
40. a6 Kxf4 41. Rf6+ Kg5 42. Rb6 Kf4 43. d5 Ke5 44. d6 Ke6 45. Kg3 f5 46. d7+
Kxd7 47. Rf6 Ke7 48. Rh6 Kf7 1/2-1/2

[Event "76th Tata Steel Masters"]
[Site "Wijk aan Zee NED"]
[Date "2014.01.21"]
[Round "8.5"]
[White "Caruana,F"]
[Black "Rapport,R"]
[Result "1-0"]
[WhiteTitle "GM"]
[BlackTitle "GM"]
[WhiteElo "2782"]
[BlackElo "2691"]
[WhiteFideId "2020009"]
[BlackFideId "738590"]
[EventDate "2014.01.11"]

1. e4 e6 2. d4 d5 3. Nc3 dxe4 4. Nxe4 Nf6 5. Nxf6+ gxf6 6. Nf3 Nc6 7. Bf4 e5 8.
Be3 Bg4 9. Bb5 Qd6 10. c3 e4 11. h3 exf3 12. hxg4 fxg2 13. Rg1 a6 14. Bd3 Ne7
15. Qf3 O-O-O 16. Rxg2 Nd5 17. Be4 Kb8 18. Bd2 Nb6 19. Bxb7 Nc4 20. Bf4 Qb6 21.
Be4 Re8 22. Kf1 h5 23. gxh5 Bh6 24. b3 Nd2+ 25. Bxd2 Bxd2 26. Rd1 Bg5 27. Bc6
Re6 28. d5 Re5 29. Rg4 a5 30. Ra4 Qc5 31. Rdd4 Rg8 32. Qd3 1-0

[Event "76th Tata Steel Masters"]
[Site "Wijk aan Zee NED"]
[Date "2014.01.23"]
[Round "9.2"]
[White "Rapport,R"]
[Black "Giri,A"]
[Result "1/2-1/2"]
[WhiteTitle "GM"]
[BlackTitle "GM"]
[WhiteElo "2691"]
[BlackElo "2734"]
[WhiteFideId "738590"]
[BlackFideId "24116068"]
[EventDate "2014.01.11"]

1. d4 Nf6 2. Bf4 c5 3. dxc5 Na6 4. Qd4 Qa5+ 5. Nc3 Nxc5 6. Bd2 Ne6 7. Qh4 g5 8.
Qg3 d5 9. e4 d4 10. Bb5+ Bd7 11. Bxd7+ Nxd7 12. Nd5 Qc5 13. Nf3 Qxc2 14. O-O
Qxe4 15. Nc7+ Nxc7 16. Rfe1 Qd5 17. Qxc7 e6 18. Nxd4 Qxd4 19. Bc3 Qc5 20. Qxc5
Bxc5 21. Bxh8 f6 22. Rac1 Ke7 23. Bxf6+ Kxf6 24. Red1 Ke7 25. Rxd7+ Kxd7 26.
Rxc5 h6 27. Kf1 Rf8 28. Rc3 e5 29. Ra3 a6 30. Rd3+ Kc6 31. Rh3 Rf6 32. Ke2 Kd7
33. Rd3+ Ke7 34. Rb3 b5 35. Rc3 Rd6 36. Rc7+ Ke6 37. f3 Kf5 38. g4+ Kg6 39. Rc5
Kf6 40. Ke3 Ke6 41. b3 Kf6 42. Rc7 Ke6 43. Rc3 Rb6 44. Ke4 Rd6 45. Ke3 Rb6 46.
Rc2 Rd6 47. h4 gxh4 48. Rh2 Kd5 49. Rxh4 Rc6 50. Kd3 b4 51. Kd2 Rc3 52. Rxh6
Rxf3 53. Rxa6 Ke4 54. g5 Rg3 55. g6 Rg2+ 56. Ke1 Ke3 57. Kf1 Rg4 58. a3 bxa3 59.
Rxa3 Rxg6 60. b4+ 1/2-1/2

[Event "76th Tata Steel Masters"]
[Site "Wijk aan Zee NED"]
[Date "2014.01.23"]
[Round "9.6"]
[White "So,W"]
[Black "Van Wely,L"]
[Result "1-0"]
[WhiteTitle "GM"]
[BlackTitle "GM"]
[WhiteElo "2719"]
[BlackElo "2672"]
[WhiteFideId "5202213"]
[BlackFideId "1000268"]
[EventDate "2014.01.11"]

1. d4 Nf6 2. c4 g6 3. Nc3 Bg7 4. e4 d6 5. Nf3 O-O 6. Be2 e5 7. O-O Nc6 8. d5 Ne7
9. Ne1 Nd7 10. f3 f5 11. Be3 f4 12. Bf2 g5 13. g4 h5 14. h3 Rf6 15. Nd3 Rh6 16.
c5 Nxc5 17. Nxc5 dxc5 18. Bxc5 Ng6 19. Rc1 Bf8 20. Nb5 Bd6 21. Qb3 hxg4 22. fxg4
Qe7 23. Bxd6 cxd6 24. Nxa7 Qh7 25. Rc3 f3 26. Bxf3 Bd7 27. Qxb7 Rf8 28. Bg2 Nf4
29. Rxf4 exf4 30. Nc6 Qg7 31. Qb4 f3 32. Rxf3 Rxf3 33. Bxf3 Rxh3 34. Kg2 Rh6 35.
Qb6 Qf8 36. Qd8 Qxd8 37. Nxd8 Kg7 38. Nc6 Rh8 39. e5 Bxc6 40. dxc6 dxe5 41. Be4 1-0

[Event "76th Tata Steel Masters"]
[Site "Wijk aan Zee NED"]
[Date "2014.01.23"]
[Round "9.5"]
[White "Gelfand,B"]
[Black "Dominguez Perez,L"]
[Result "1/2-1/2"]
[WhiteTitle "GM"]
[BlackTitle "GM"]
[WhiteElo "2777"]
[BlackElo "2754"]
[WhiteFideId "2805677"]
[BlackFideId "3503240"]
[EventDate "2014.01.11"]

1. d4 Nf6 2. c4 g6 3. Nc3 d5 4. cxd5 Nxd5 5. Bd2 Bg7 6. e4 Nxc3 7. Bxc3 O-O 8.
Qd2 c5 9. d5 Bxc3 10. bxc3 Qd6 11. f4 e6 12. Bc4 b5 13. Bxb5 exd5 14. exd5 Nd7
15. Bxd7 Bxd7 16. Nf3 Bb5 17. Kf2 Rad8 18. Rad1 Rfe8 19. Rhe1 f6 20. a3 Rxe1 21.
Rxe1 Qxd5 22. Qxd5+ Rxd5 23. g4 Kf7 24. g5 Rf5 25. Kg3 Bc6 26. gxf6 Bxf3 27.
Kxf3 Kxf6 28. c4 g5 29. Re4 gxf4 30. a4 a5 31. h4 Kf7 32. Re1 Rh5 33. Kg4 Rh6
34. Re5 f3 35. Kxf3 Rxh4 36. Rxc5 Ke6 1/2-1/2

[Event "76th Tata Steel Masters"]
[Site "Wijk aan Zee NED"]
[Date "2014.01.23"]
[Round "9.4"]
[White "Aronian,L"]
[Black "Karjakin,Sergey"]
[Result "1-0"]
[WhiteTitle "GM"]
[BlackTitle "GM"]
[WhiteElo "2812"]
[BlackElo "2759"]
[WhiteFideId "13300474"]
[BlackFideId "14109603"]
[EventDate "2014.01.11"]

1. d4 Nf6 2. c4 e6 3. Nf3 b6 4. g3 Ba6 5. b3 Bb4+ 6. Bd2 Be7 7. Nc3 O-O 8. Bg2
c6 9. e4 d5 10. exd5 cxd5 11. Ne5 Bb7 12. O-O Nc6 13. Bf4 Na5 14. Rc1 Ba3 15.
Rb1 Bb4 16. Ne2 Nc6 17. Bg5 Be7 18. Nf4 Qd6 19. Bxf6 Bxf6 20. cxd5 exd5 21. Bxd5
Bxe5 22. dxe5 Qxe5 23. Re1 Qf6 24. Nh5 Qh6 25. Qg4 Qg6 26. Qh3 Rad8 27. Nf4 Qf6
28. Be4 g6 29. Nd5 Qg7 30. Rbc1 Kh8 31. Nxb6 axb6 32. Bxc6 Bxc6 33. Rxc6 Rd2 34.
Qh4 Rxa2 35. Qb4 h5 36. Qxb6 Ra1 37. Rcc1 Rxc1 38. Rxc1 Qb2 39. Rd1 Kh7 40. Qb5
Kg7 41. Qd3 Rb8 42. Rb1 Qe5 43. Qd2 h4 44. Qb2 Qxb2 45. Rxb2 Rb4 46. Kf1 Kf6 47.
Ke2 Kf5 48. Kd3 g5 49. Kc3 Rb7 50. b4 Kg4 51. b5 Kh3 52. gxh4 gxh4 53. f4 Kg4
54. b6 f5 55. Kd4 Kxf4 56. Rb3 h3 57. Kd5 Kg4 58. Kc6 Rb8 59. Rg3+ Kh4 60. b7 f4
61. Rg7 1-0

[Event "76th Tata Steel Masters"]
[Site "Wijk aan Zee NED"]
[Date "2014.01.23"]
[Round "9.3"]
[White "Naiditsch,A"]
[Black "Harikrishna,P"]
[Result "0-1"]
[WhiteTitle "GM"]
[BlackTitle "GM"]
[WhiteElo "2718"]
[BlackElo "2706"]
[WhiteFideId "4650891"]
[BlackFideId "5007003"]
[EventDate "2014.01.11"]

1. d4 Nf6 2. Nc3 d5 3. Bf4 Bf5 4. f3 e6 5. Qd2 Be7 6. O-O-O Nc6 7. Qe1 Bg6 8.
Nh3 O-O 9. Nf2 Nh5 10. Be3 Nb4 11. Rd2 c5 12. g4 Nf6 13. h4 Nd7 14. f4 Bf6 15.
Qd1 Nb6 16. dxc5 Bxc3 17. cxb6 axb6 18. bxc3 Nxa2+ 19. Kb2 Qd6 0-1

[Event "76th Tata Steel Masters"]
[Site "Wijk aan Zee NED"]
[Date "2014.01.23"]
[Round "9.1"]
[White "Nakamura,Hi"]
[Black "Caruana,F"]
[Result "1/2-1/2"]
[WhiteTitle "GM"]
[BlackTitle "GM"]
[WhiteElo "2789"]
[BlackElo "2782"]
[WhiteFideId "2016192"]
[BlackFideId "2020009"]
[EventDate "2014.01.11"]

1. d4 Nf6 2. c4 g6 3. Nf3 Bg7 4. g3 O-O 5. Bg2 c5 6. Nc3 cxd4 7. Nxd4 Qc7 8. b3
d5 9. Ndb5 Qa5 10. Bd2 dxc4 11. bxc4 Qd8 12. O-O a6 13. Na3 Nc6 14. Nc2 Be6 15.
Rb1 Rc8 16. Ne3 Na5 17. Bxb7 Nxb7 18. Rxb7 Bh3 19. Re1 e6 20. Qc2 Qd4 21. Reb1
Rfd8 22. Be1 Ng4 23. Nxg4 Bxg4 24. Qa4 Bh3 25. Rd1 Qg4 26. f3 Rxd1 27. Nxd1 Qd4+
28. Nf2 Bf8 29. Qd7 Qxd7 30. Rxd7 Bc5 31. Bb4 Bxb4 32. Nxh3 h6 33. Nf2 Bc5 34.
Rd3 Bxf2+ 35. Kxf2 Rxc4 36. Ra3 Rc6 37. Ke3 Kf8 38. h4 h5 39. Kd4 Ke7 40. e4 Kd7
41. e5 Rb6 42. Ra5 Rc6 43. Ra4 Rb6 44. Ke4 Ke7 45. Kf4 Kf8 46. Ke4 Ke7 47. g4
hxg4 48. fxg4 Kf8 49. Ra5 Rb4+ 50. Kf3 Rb6 51. Kf4 Kg7 52. Ra4 Rc6 53. Ke4 Rb6
54. a3 Rb1 55. Rxa6 Rh1 56. a4 Rxh4 57. Kf4 Rh1 58. g5 Rf1+ 59. Kg4 Rg1+ 60. Kf4
Rf1+ 61. Kg4 Rg1+ 1/2-1/2

[Event "76th Tata Steel Masters"]
[Site "Wijk aan Zee NED"]
[Date "2014.01.25"]
[Round "10.6"]
[White "Rapport,R"]
[Black "Nakamura,Hi"]
[Result "0-1"]
[WhiteTitle "GM"]
[BlackTitle "GM"]
[WhiteElo "2691"]
[BlackElo "2789"]
[WhiteFideId "738590"]
[BlackFideId "2016192"]
[EventDate "2014.01.11"]

1. Nf3 c5 2. b3 d6 3. e3 e5 4. Bb5+ Nc6 5. Nc3 Nf6 6. d4 e4 7. d5 a6 8. Bf1 Ne7
9. Nd2 Bf5 10. Bb2 b5 11. h3 h5 12. a3 Nc8 13. a4 b4 14. Ne2 Nxd5 15. Ng3 Nxe3
16. Qe2 Nxc2+ 17. Kd1 Bg6 18. Ndxe4 Qe7 19. Qf3 Nxa1 20. Bc4 Nb6 21. Nf6+ gxf6
22. Bxf6 Qc7 23. Re1+ Kd7 24. Bxa1 Qc6 25. Qxc6+ Kxc6 26. Bxh8 h4 27. Nf1 Nxc4
28. bxc4 Bd3 29. Nd2 d5 30. cxd5+ Kxd5 31. Re5+ Kc6 32. Rh5 Bg6 0-1

[Event "76th Tata Steel Masters"]
[Site "Wijk aan Zee NED"]
[Date "2014.01.25"]
[Round "10.2"]
[White "Harikrishna,P"]
[Black "So,W"]
[Result "1/2-1/2"]
[WhiteTitle "GM"]
[BlackTitle "GM"]
[WhiteElo "2706"]
[BlackElo "2719"]
[WhiteFideId "5007003"]
[BlackFideId "5202213"]
[EventDate "2014.01.11"]

1. e4 e5 2. Nf3 Nc6 3. Bb5 Nf6 4. O-O Nxe4 5. d4 Nd6 6. Bxc6 dxc6 7. dxe5 Nf5 8.
Qxd8+ Kxd8 9. h3 Ke8 10. Nc3 h5 11. Rd1 Be7 12. Ne2 Nh4 13. Nxh4 Bxh4 14. Bf4
Be7 15. Nd4 g5 16. Bh2 Rh6 17. e6 Bxe6 18. Bxc7 Rc8 19. Nxe6 Rxe6 20. Ba5 Bf6
21. Rab1 b6 22. Be1 Rd8 23. Rxd8+ Kxd8 24. Kf1 Rd6 25. Ke2 Re6+ 26. Kf1 Rd6 27.
b3 Ke7 28. Ke2 Re6+ 29. Kf1 Rd6 30. Ke2 Re6+ 31. Kf1 1/2-1/2

[Event "76th Tata Steel Masters"]
[Site "Wijk aan Zee NED"]
[Date "2014.01.25"]
[Round "10.5"]
[White "Caruana,F"]
[Black "Naiditsch,A"]
[Result "0-1"]
[WhiteTitle "GM"]
[BlackTitle "GM"]
[WhiteElo "2782"]
[BlackElo "2718"]
[WhiteFideId "2020009"]
[BlackFideId "4650891"]
[EventDate "2014.01.11"]

1. Nf3 Nf6 2. g3 d5 3. Bg2 g6 4. c4 dxc4 5. Na3 Bg7 6. Nxc4 c5 7. Nfe5 O-O 8. d3
Nd5 9. Qb3 e6 10. O-O Qc7 11. f4 Nd7 12. Bd2 b6 13. Nf3 Bb7 14. e4 Nb4 15. Bc3
b5 16. Bxg7 Kxg7 17. Qc3+ f6 18. Ncd2 Qd6 19. a3 Nc6 20. Nb3 Rac8 21. Rac1 Ne7
22. e5 Qb6 23. exf6+ Rxf6 24. Kh1 Nd5 25. Qd2 c4 26. dxc4 bxc4 27. Nbd4 Nc5 28.
Rc2 Nd3 29. b3 Nb2 30. Ne5 c3 31. Qf2 Rd8 32. Re1 Nxf4 33. gxf4 Rxd4 34. Rxc3
Nd1 35. Rc7+ Kg8 36. Qc2 Rdxf4 37. Rxb7 Nf2+ 38. Kg1 Nh3+ 39. Kh1 Rf1+ 0-1

[Event "76th Tata Steel Masters"]
[Site "Wijk aan Zee NED"]
[Date "2014.01.25"]
[Round "10.4"]
[White "Giri,A"]
[Black "Karjakin,Sergey"]
[Result "1/2-1/2"]
[WhiteTitle "GM"]
[BlackTitle "GM"]
[WhiteElo "2734"]
[BlackElo "2759"]
[WhiteFideId "24116068"]
[BlackFideId "14109603"]
[EventDate "2014.01.11"]

1. d4 Nf6 2. c4 e6 3. g3 d5 4. Bg2 Be7 5. Nf3 O-O 6. O-O dxc4 7. Qc2 a6 8. a4
Bd7 9. Qxc4 Bc6 10. Bf4 a5 11. Nc3 Na6 12. Qd3 Nb4 13. Qb1 Nbd5 14. Bd2 Nxc3 15.
bxc3 Be4 16. Qb2 Qd5 17. Ne1 Bxg2 18. Nxg2 Rfb8 19. Rfb1 Ne4 20. Nf4 Qd7 21. Nd3
Nxd2 22. Qxd2 b5 23. axb5 Rxb5 24. Rxb5 Qxb5 25. c4 Qxc4 26. Rxa5 Rxa5 27. Qxa5
Qxd4 28. Qxc7 Qd6 29. Qc8+ Qd8 30. Qb7 Bd6 31. Kg2 h5 32. h3 1/2-1/2

[Event "76th Tata Steel Masters"]
[Site "Wijk aan Zee NED"]
[Date "2014.01.26"]
[Round "11.4"]
[White "Aronian,L"]
[Black "Van Wely,L"]
[Result "0-1"]
[WhiteTitle "GM"]
[BlackTitle "GM"]
[WhiteElo "2812"]
[BlackElo "2672"]
[WhiteFideId "13300474"]
[BlackFideId "1000268"]
[EventDate "2014.01.11"]

1. d4 f5 2. Nf3 Nf6 3. Bf4 d6 4. e3 h6 5. h3 g5 6. Bh2 Bg7 7. Nbd2 O-O 8. c3 Nc6
9. Bd3 Rb8 10. O-O Qe8 11. Re1 Qh5 12. Qc2 g4 13. hxg4 Nxg4 14. Bb5 Kh8 15. Qb3
Nd8 16. Bg3 e5 17. dxe5 dxe5 18. Qb4 Ne6 19. Rad1 c5 20. Qb3 Nc7 21. Be2 Be6 22.
Bc4 Bd7 23. Be2 f4 24. exf4 exf4 25. Bh4 Bc6 26. Be7 Rf7 27. Bc4 Nd5 28. Bh4 Rf5
29. Bd3 Rff8 30. Bb1 Rbe8 31. Rxe8 Rxe8 32. Ne4 Nde3 33. fxe3 Bxe4 34. Bxe4 Rxe4
35. Qxb7 Qg6 36. Rd8+ Kh7 37. Qd5 Re6 38. exf4 Bd4+ 0-1

[Event "76th Tata Steel Masters"]
[Site "Wijk aan Zee NED"]
[Date "2014.01.26"]
[Round "11.1"]
[White "Naiditsch,A"]
[Black "Rapport,R"]
[Result "1-0"]
[WhiteTitle "GM"]
[BlackTitle "GM"]
[WhiteElo "2718"]
[BlackElo "2691"]
[WhiteFideId "4650891"]
[BlackFideId "738590"]
[EventDate "2014.01.11"]

1. e4 d6 2. d4 g6 3. Nc3 Bg7 4. Nf3 c6 5. Be3 Qc7 6. Qd2 Nd7 7. O-O-O b5 8. e5
d5 9. h4 Qa5 10. h5 Nb6 11. hxg6 fxg6 12. a3 Rb8 13. Ne4 b4 14. Nc5 Nc4 15. Bxc4
dxc4 16. a4 c3 17. Qd3 cxb2+ 18. Kxb2 b3 19. c3 Qd8 20. Rxh7 Bf5 21. Qc4 Kf8 22.
Ng5 Qd5 23. Qxd5 cxd5 24. Nce6+ Bxe6 25. Nxe6+ Kf7 26. Rxg7+ Kxe6 27. Rxg6+ Kf7
28. Ra6 Rb7 29. Ra1 Rh2 30. g3 e6 31. Ra3 Ne7 32. Rxb3 Rc7 33. Kc2 1-0

[Event "76th Tata Steel Masters"]
[Site "Wijk aan Zee NED"]
[Date "2014.01.26"]
[Round "11.6"]
[White "So,W"]
[Black "Caruana,F"]
[Result "1/2-1/2"]
[WhiteTitle "GM"]
[BlackTitle "GM"]
[WhiteElo "2719"]
[BlackElo "2782"]
[WhiteFideId "5202213"]
[BlackFideId "2020009"]
[EventDate "2014.01.11"]

1. d4 Nf6 2. c4 g6 3. Nc3 d5 4. cxd5 Nxd5 5. e4 Nxc3 6. bxc3 Bg7 7. Nf3 c5 8.
Rb1 O-O 9. Be2 cxd4 10. cxd4 Qa5+ 11. Bd2 Qxa2 12. O-O Bg4 13. Be3 Nc6 14. Rxb7
Rab8 15. Rc7 Rfc8 16. Rxc8+ Rxc8 17. h3 Bd7 18. Bb5 a5 19. Qa1 Qxa1 20. Rxa1 Ra8
21. Ba4 e6 22. Nd2 Nxd4 23. Bxd7 Ne2+ 24. Kf1 Bxa1 25. Kxe2 a4 26. Bc6 Ra6 27.
Bb5 Ra8 28. Bc6 Ra6 29. Bb5 Ra8 30. Bc4 Rb8 31. Bc5 1/2-1/2

[Event "76th Tata Steel Masters"]
[Site "Wijk aan Zee NED"]
[Date "2014.01.26"]
[Round "11.3"]
[White "Nakamura,Hi"]
[Black "Giri,A"]
[Result "1/2-1/2"]
[WhiteTitle "GM"]
[BlackTitle "GM"]
[WhiteElo "2789"]
[BlackElo "2734"]
[WhiteFideId "2016192"]
[BlackFideId "24116068"]
[EventDate "2014.01.11"]

1. c4 c5 2. Nf3 Nf6 3. Nc3 d5 4. cxd5 Nxd5 5. e4 Nb4 6. Bc4 Nd3+ 7. Ke2 Nf4+ 8.
Kf1 Ne6 9. Ne5 Nc6 10. Nxc6 bxc6 11. Na4 Nd4 12. Nxc5 g6 13. Nb3 Be6 14. Bxe6
Nxe6 15. Qc2 Bg7 16. Qxc6+ Kf8 17. Qa6 Nd4 18. Nxd4 Bxd4 19. d3 Kg7 20. h4 h5
21. Rh3 Qd7 22. Rb1 Rhc8 23. Be3 Rc2 24. Qa5 Rb8 25. b3 Rbc8 26. Kg1 Re2 27.
Bxd4+ Qxd4 28. Rf3 Rcc2 29. Rf1 Rxa2 30. Qb5 Qd6 31. Qe8 Qe6 32. Rc1 Rec2 33.
Rxc2 Rxc2 34. d4 Rc1+ 35. Kh2 Rc8 36. Rxf7+ Qxf7 37. Qxc8 Qxf2 38. Qb7 Qxh4+ 39.
Kg1 Qe1+ 1/2-1/2

[Event "76th Tata Steel Masters"]
[Site "Wijk aan Zee NED"]
[Date "2014.01.26"]
[Round "11.5"]
[White "Karjakin,Sergey"]
[Black "Dominguez Perez,L"]
[Result "1/2-1/2"]
[WhiteTitle "GM"]
[BlackTitle "GM"]
[WhiteElo "2759"]
[BlackElo "2754"]
[WhiteFideId "14109603"]
[BlackFideId "3503240"]
[EventDate "2014.01.11"]

1. Nf3 c5 2. e4 d6 3. Bb5+ Bd7 4. Bxd7+ Qxd7 5. O-O Nf6 6. Qe2 Nc6 7. Rd1 Rc8 8.
c3 e6 9. d4 cxd4 10. Nxd4 Be7 11. Nf3 Qc7 12. c4 a6 13. b3 Nxe4 14. Qxe4 Bf6 15.
Nc3 Bxc3 16. Rb1 Bf6 17. Bb2 Bxb2 18. Rxb2 Rd8 19. Rbd2 h6 20. g4 Ne7 21. Qf4
O-O 22. Qg3 e5 23. Nh4 b5 24. cxb5 axb5 25. Nf5 Nxf5 26. gxf5 Qe7 27. Rd5 b4 28.
Qg4 Qf6 29. Qxb4 Qxf5 30. Rxd6 Rxd6 31. Qxd6 Re8 32. Rd3 Re6 33. Qd8+ Kh7 34.
Rg3 Qb1+ 35. Kg2 Qe4+ 36. Kg1 Qe1+ 37. Kg2 Qe4+ 38. Kg1 Rc6 39. Qd1 f5 40. b4 f4
41. b5 Rc2 42. Rb3 Re2 43. Kf1 Rxa2 44. f3 Qg6 45. Qd3 Qxd3+ 46. Rxd3 Rb2 47.
Rd5 Rxh2 48. Rxe5 Rb2 49. Ke1 Rb3 50. Ke2 g5 51. Kd2 Rxf3 52. Kc2 Rf2+ 53. Kc3
Rf1 54. Kc2 Rf2+ 55. Kc3 Rf1 56. Kc2 Ra1 57. b6 Ra8 58. b7 Rb8 59. Rb5 Kg6 60.
Kd3 Kf6 61. Ke4 Ke6 62. Rb6+ Kd7 63. Kf5 f3 64. Rxh6 f2 65. Rh1 Rxb7 66. Rf1 Kd6
67. Kxg5 Rf7 68. Kg4 Ke5 69. Kg3 Ke4 70. Rxf2 Rxf2 71. Kxf2 1/2-1/2